Los héroes: el culto de los héroes y lo heroico en la historia.

Đã lưu trong:
Chi tiết về thư mục
Tác giả chính: Carlyle, Thomas (autor)
Tác giả khác: Umbert, Pedro (versión española, prólogo y notas)
Định dạng: Sách
Ngôn ngữ:Tiếng Tây Ban Nha
Được phát hành: Madrid, España: Aguilar, 1946.
Loạt:Colección Crisol; 183.
Những chủ đề:
Các nhãn: Thêm thẻ
Không có thẻ, Là người đầu tiên thẻ bản ghi này!

MARC

LEADER 00000nam a2200000 a 4500
001 UCY2454
003 CL-VaPUC
005 20220822114500.0
008 941027e19460000MX |||||||||||||||||spa|d
999 |c 435978  |d 435976 
040 |c Pontificia Universidad Católica de Valparaíso 
082 0 7 |a 398.22 CAR 1946  |2 21 
100 |a Carlyle, Thomas  |e autor  |9 356106 
245 1 4 |a Los héroes: el culto de los héroes y lo heroico en la historia. 
260 |a Madrid, España:  |b Aguilar,   |c 1946.  
300 |a 485 páginas.  
490 |a Colección Crisol;   |v  183. 
500 |a c.1 Donación Familia Prof. Alejandro Guzmán Brito. 
583 |a last modification  |c 19941027 00:00:00  |k Cristina María Rojas Aguilar 
650 7 |a Héroes  |2 CL-VaPUC  |9 313740 
700 |a Umbert, Pedro  |e versión española, prólogo y notas  |9 870608 
942 |c BK  |2 ddc  |n 0 
952 |0 0  |1 0  |2 ddc  |4 0  |6 398_220000000000000_CAR_1946  |7 0  |8 C_AGB  |9 583642  |a BIBDER  |b BIBDER  |d 2022-06-13  |e Donación   |i 5651769  |o 398.22 CAR 1946  |p 5651769  |r 2023-01-25  |t 1  |w 2022-06-13  |y BK_US  |k AGB